Biblioteca

Warranted Christian belief (Registro nro. 64016)

Detalles MARC
000 -LÍDER
Campo fijo de descripción fija 01846cam a22004214i 4500
001 - NÚMERO DE CONTROL
Campo de control 4982903
003 - IDENTIFICADOR DEL NÚMERO DE CONTROL
Campo de control CO-MdFUSB
005 - FECHA Y HORA DE LA ULTIMA TRANSACCIÓN
control field 20190202100511.0
008 - ELEMENTOS DE LONGITUD FIJA -- INFORMACIÓN GENERAL
Campo fijo de descripción fija -- Información general 981202t20001999nyu f b 001 0 eng
010 ## - NÚMERO DE CONTROL DE LA BIBLIOTECA DEL CONGRESO
Número de control LC 98054362
020 ## - NÚMERO INTERNACIONAL NORMALIZADO PARA LIBROS
Número Internacional Normalizado del libro 0195131932 (pbk. : alk. paper)
020 ## - NÚMERO INTERNACIONAL NORMALIZADO PARA LIBROS
Número Internacional Normalizado del libro 0195131924 (cloth : alk. paper)
040 ## - FUENTE DE CATALOGACIÓN
Agencia de catalogación original DLC
Agencia que realiza la transcripción CO-MdFUSB
Agencia que realiza la modificación CO-MdFUSB
Idioma de catalogación spa
Convenciones de la descripción rda
041 ## - CÓDIGO DE IDIOMA
Código de idioma para texto/pista de sonido o título separado eng
042 ## - AUTHENTICATION CODE
Authentication code pcc
082 00 - NÚMERO DE CLASIFICACIÓN DECIMAL DEWEY
Número de la edición del Dewey 21
Número de clasificación G 230.01
Clave de autor-Numero de item P714w
100 1# - ASIENTO PRINCIPAL--NOMBRE PERSONAL
Nombre personal Plantinga, Alvin.
Término relacionador autor
245 00 - TÍTULO
Título del Material Warranted Christian belief
Mención de responsabilidad, etc. / Alvin Plantinga.
264 #1 - PRODUCCIÓN, PUBLICACIÓN, DISTRIBUCIÓN, MANUFACTURA, Y COPYRIGHT
Lugar de producción, publicación, distribución, manufactura New York :
Nombre del productor, publicador, distribuidor Oxford University Press,
Fecha de producción, publicación, distribución, manufactura, o copyright ℗1999
264 #4 - PRODUCCIÓN, PUBLICACIÓN, DISTRIBUCIÓN, MANUFACTURA, Y COPYRIGHT
Fecha de producción, publicación, distribución, manufactura, o copyright ©2000
300 ## - DESCRIPCIÓN FÍSICA
Extensión xx, 508 páginas :
Dimensiones 24 cm.
336 ## - TIPO DE CONTENIDO
Fuente rdacontent
Término de tipo de contenido
Código de tipo de contenido
337 ## - TIPO DE MEDIO
Fuente rdamedia
Nombre del tipo de medio
Código del tipo de medio
338 ## - TIPO DE SOPORTE
Fuente rdacarrier
Nombre del tipo de soporte
Código Tipo de soporte
504 ## - NOTA DE BIBLIOGRAFÍA, ETC.
Nota de bibliografía, etc Incluye índice (páginas. 500- 508)
505 ## - NOTA DE CONTENIDO
Título Parte I. ¿Hay una pregunta?
Nota de contenido con formato preestablecido Kant: ¿dos mundos o uno? -- ¿Argumentos o razón? -- Kaufman y Hick.
505 ## - NOTA DE CONTENIDO
Título Parte II. ¿Cuál es la pregunta?
Nota de contenido con formato preestablecido Justificación y la imagen clásica -- Evidencialimso clásico, deontologismo y fundamentalismo -- Racionalismo -- Racionalidad práctica Alstoniana -- La denuncia de Freud y Marx.
505 ## - NOTA DE CONTENIDO
Título Parte III. La razón de la creencia cristiana:
Nota de contenido con formato preestablecido La razón de creer en Dios -- El pecado y sus consecuencias cognitivas -- El modelo Aquinas / Calvino: revelado a nuestras mentes -- El modelo testimonial -- Objeciones.
505 ## - NOTA DE CONTENIDO
Título Parte IV. ¿Vencedores?
Nota de contenido con formato preestablecido Vencedores y perdedores -- Dos (o más) tipos de eruditos de la escritura -- Posmodernidad y pluralismo -- Sufrimiento y mal.
650 #7 - ASIENTO SECUNDARIO DE MATERIA - TERMINO TEMÁTICO
Término temático o nombre geográfico como elemento de entrada Apologética
9 (RLIN) 187
650 #7 - ASIENTO SECUNDARIO DE MATERIA - TERMINO TEMÁTICO
Término temático o nombre geográfico como elemento de entrada Filosofía y religión
Fuente del encabezamiento o término
9 (RLIN) 198
650 #7 - ASIENTO SECUNDARIO DE MATERIA - TERMINO TEMÁTICO
Término temático o nombre geográfico como elemento de entrada Fe y razón
9 (RLIN) 532
906 ## - LOCAL DATA ELEMENT F, LDF (RLIN)
a 7
b cbc
c orignew
d 1
e ocip
f 19
g y-gencatlg
942 ## - TIPO DE MATERIAL (KOHA)
Tipo de Item KOHA Libros General
Existencias
Estado de Material Estado de Perdido Forma de Clasificación Estado de Dañado No para Préstamo Colección Biblioteca de Origen Biblioteca Permanente Fecha de Adquisición Total de Préstamos Signatura Topográfica Código de Barras Última vez visto Ejemplar/Existencia Fecha de Remplazo Tipo de Material
    Dewey Decimal Classification     Colección General Biblioteca FUSBC Biblioteca FUSBC 04/09/2017   G 230.01 P714w 22924 12/12/2019 Ej. 1 04/09/2017 Libros General

Biblioteca FUSBC | Teléfono: (57+4) 349 88 10 Ext. 141| WhatsApp (+57) 3005338115 
E-mail: biblioteca@unisbc.edu.co | Calle 76 87-14 Robledo Palenque, Medellín, Colombia

Con tecnología Koha